| 000 | 00798nam a22002777a 4500 | ||
|---|---|---|---|
| 001 | BR4000007 | ||
| 003 | BR-BrBNA | ||
| 005 | 20230928082905.0 | ||
| 007 | ta | ||
| 008 | 230509b bl.||||| |||| 00| 0 por d | ||
| 040 |
_aBR-BrBNA _bpor _cBiblioteca Nacional de Agricultura |
||
| 041 | _a(Por) | ||
| 072 |
_aF00; L00 _b1300 _b1500 _b1600 _b1700 _b1800 |
||
| 090 | _ 1300 BR4000007 | ||
| 100 | 1 | _aLima, J.A. | |
| 245 | 1 | _aQuestoes da Gleba [horticultura, floricultura, praga de planta, adubacao, fruticultura, apicultura] | |
| 260 | 3 |
_aCuritiba, PR (Brasil): _bGuaira, _c1940. |
|
| 300 | _a199 p. | ||
| 650 | _aHORTALICA FOLHOSA | ||
| 650 | _aTUBERCULO | ||
| 650 | _aHORTALICA DE BULBO | ||
| 650 | _aLEGUME | ||
| 650 | _aAPICULTURA | ||
| 909 |
_a202309 _bLucia _c55 _dLucia Elande |
||
| 942 | _cBK | ||
| 999 |
_c10470 _d10470 |
||